Personaggi One Piece - Statistics

Statistiche generali
  • Questo quiz è stato fatto 50 volte
  • Il punteggio medio è 51 su 146
Statistiche sulle risposte
Personaggi % Corretto
Luffy | Rufy
100%
Sanji
97%
Zoro
97%
Nami
94%
Brook
89%
Chopper
89%
Usop
89%
Nico robin
83%
Franky
81%
Jimbe
81%
Ace
78%
Kaido
78%
Shanks
78%
Buggy
75%
Charlotte linlin | Big mom
75%
Crocodile
75%
Doflamingo
75%
Edgard newgate | Barbabianca
75%
Barbanera
72%
Mihawk
72%
Sabo
72%
Bartolomeo
67%
Dragon
67%
Garp
67%
Kizaru | borsalino
67%
Aokiji | kuzan
64%
Akainu | sakazuki
61%
Boa Hancock
61%
Ivankov
61%
Trafalgar law
61%
Vivi | bibi
61%
Kidd | Eustass kidd
58%
Sengoku
58%
Katakuri
56%
Lucci
56%
Im | Imu
53%
Marco
53%
Fujitora | issho
50%
Kobi
50%
Orso Bartholomew
50%
Gekko moria
47%
Magellan
47%
Kaku
44%
King
44%
Leo
44%
Queen
44%
Saturn
44%
bonney | jewelry bonney
42%
Cavendish
42%
Killer
42%
Yasop
42%
Jack
39%
Kin'emon
39%
Koala
39%
Mars
39%
Cracker
36%
Hawkins | basil howkins
36%
Smoker
36%
Bege | capone bege
33%
Burgess
33%
Lafitte
33%
Oven
33%
Shiryu
33%
Stussy
33%
Apoo | scrachmen apoo
31%
Blueno
31%
Hajrudin
31%
Jabura
31%
Tashigi
31%
X drake
31%
Hannyabal
28%
Inazuma
28%
Kanjuro
28%
Perospero
28%
Smoothie
28%
Spandam
28%
Vista
28%
Black maria
25%
Califa
25%
Raizo
25%
Ulti
25%
Urouge
25%
Yamato
25%
Brulee
22%
Denjiro
22%
Gatto-vipera
22%
Hermeppo
22%
Izo
22%
Ju Peter
22%
Katarina devon
22%
Kikunajo | kiku
22%
Ryokugyu | aramaki
22%
Sai
22%
Tsuru
22%
Ashura
19%
Benn beckman
19%
Garling
19%
Oden
19%
Page one
19%
Who's who
19%
Cane-tempesta
17%
Ideo
17%
Kawamatsu
17%
Bon clay
14%
Brogi
14%
Domino
14%
Dori
14%
Fukuro
14%
Jaws
14%
Loki
14%
Lucky lou
14%
Rayleigh | silvers rayleigh
14%
Sady chan
14%
Sauro
14%
Shamrock
14%
Charloss
11%
Daifuku
11%
Ginny
11%
Hina
11%
Kumadori
11%
Momonga
11%
Orlumbus
11%
Baby 5
8%
Hack
8%
Sasaki
8%
Vergo
8%
Amande
6%
Edgard weeble
6%
Fullbody
6%
Myosgard
6%
Sentomaru
6%
Wercury
6%
Zeus
6%
Bastille
3%
Blue gilly
3%
Chinjao
3%
John giant
3%
Napoleon
3%
Pekoms
3%
Prometheus
3%
Speed
3%
Tamago
3%
Mr. Three
0%
Nusjuru
0%
Roswald
0%
Shalula
0%
Nessun quiz corrispondente trovato
Distribuzione punteggi
Percentuale di utenti per punteggio
Percentile per numero di risposta
I tuoi punteggi nel tempo
Non hai fatto questo quiz